000 01149cam a22002174a 4500
005 20250605164248.0
008 250528s ||||||||||||||||||||||||d
035 _a21595
020 _a9789609879439
040 _aGR-AtMCL
_bgre
_dGR-AtMCL
_eAACR2
245 1 _aCOMPASITO ΜΙΚΡΗ ΠΥΞΙΔΑ ΓΙΑ ΠΑΙΔΙΑ ΕΓΧΕΙΡΙΔΙΟ ΕΚΠΑΙΔΕΥΣΗΣ ΣΤΑ ΑΝΘΡΩΠΙΝΑ ΔΙΚΑΙΩΜΑΤΑ
250 _a2
260 _bΑρσις,
_c2015
300 _a329
505 0 _aΕΙΣΑΓΩΓΗ ΣΤΑ ΑΝΘΡΩΠΙΝΑ ΔΙΚΑΙΩΜΑΤΑ ΤΙ ΕΙΝΑΙ ΕΚΠΑΙΔΕΥΣΗ ΣΤΑ ΑΝΘΡΩΠΙΝΑ ΔΙΚΑΙΩΜΑΤΑ ΠΩΣ ΝΑ ΧΡΗΣΙΜΟΠΟΙΗΣΕΤΕ ΤΟ COMPASITO ΔΡΑΣΤΗΡΙΟΤΗΤΕΣ ΘΕΜΑΤΑ ΠΑΡΑΡΤΗΜΑΤΑ
520 _aΕΙΣΑΓΩΓΗ ΣΤΑ ΑΝΘΡΩΠΙΝΑ ΔΙΚΑΙΩΜΑΤΑ ΤΙ ΕΙΝΑΙ ΕΚΠΑΙΔΕΥΣΗ ΣΤΑ ΑΝΘΡΩΠΙΝΑ ΔΙΚΑΙΩΜΑΤΑ ΠΩΣ ΝΑ ΧΡΗΣΙΜΟΠΟΙΗΣΕΤΕ ΤΟ COMPASITO ΔΡΑΣΤΗΡΙΟΤΗΤΕΣ ΘΕΜΑΤΑ ΠΑΡΑΡΤΗΜΑΤΑ
700 1 _aFlowers Nancy
_96797
942 _cBK
999 _c6656
_d6656